The handbook of pairs trading : Strategies using equities, options, & futures

Learn both the theory and practice of pairs trading, why it is consistently profitable, and how you can apply the strategies in your own trading with this valuable guide. Author Douglas Ehrman covers pairs trading involving stocks, options on stocks, and futures contracts, and explains how this type...

Volledige beschrijving

Bewaard in:
Bibliografische gegevens
Hoofdauteur: Ehrman, Douglas S.
Formaat: Boek
Taal:Undetermined
Gepubliceerd in: Hoboken, N.J. John Wiley & Sons, Inc. 2006
Onderwerpen:
Tags: Voeg label toe
Geen labels, Wees de eerste die dit record labelt!
Thư viện lưu trữ: Trung tâm Học liệu Trường Đại học Cần Thơ
LEADER 01143nam a2200217Ia 4500
001 CTU_163225
008 210402s9999 xx 000 0 und d
020 |c 95 
082 |a 332.645 
082 |b E33 
100 |a Ehrman, Douglas S. 
245 4 |a The handbook of pairs trading : 
245 0 |b Strategies using equities, options, & futures 
245 0 |c Douglas S. Ehrman 
260 |a Hoboken, N.J. 
260 |b John Wiley & Sons, Inc. 
260 |c 2006 
520 |a Learn both the theory and practice of pairs trading, why it is consistently profitable, and how you can apply the strategies in your own trading with this valuable guide. Author Douglas Ehrman covers pairs trading involving stocks, options on stocks, and futures contracts, and explains how this type of trading allows you to profit from the changing price relationship of securities. In addition to a comprehensive discussion of the theories involved, he also includes practical examples that will to help you put what you've learned into practice. 
650 |a Pairs trading,Stocks 
904 |i Giang 
980 |a Trung tâm Học liệu Trường Đại học Cần Thơ